Every Captain of the Chicago Blackhawks NHL - Statistics

General Stats
  • This quiz has been taken 10 times
  • The average score is 5 of 35
Answer Stats
Captains % Correct
Jonathan Toews
100%
Chris Chelios
71%
Nick Foligno
71%
Stan Mikita
71%
Denis Savard
57%
Dirk Graham
29%
Pierre Pilote
29%
Tony Amonte
29%
Adrian Aucoin
14%
Clint Smith
14%
Keith Magnuson
14%
Pat Stapleton
14%
Troy Murray
14%
Alexei Zhamnov
0%
Bill Gadsby
0%
Chuck Gardiner
0%
Cy Wentworth
0%
Darryl Sutter
0%
Dick Irvin
0%
Doug Bentley
0%
Doug Gilmour
0%
Duke Dukowski
0%
Earl Seibert
0%
Ed Litzenberger
0%
Gaye Stewart
0%
Gus Mortson
0%
Helge Bostrom
0%
Jack Stewart
0%
John Mariucci
0%
Johnny Gottselig
0%
Martin Lapointe
0%
Pit Martin
0%
Red Hamill
0%
Terry Ruskowski
0%
Ty Arbour
0%
No matching quizzes found
Score Distribution
Percent of People with Each Score
Percentile by Number Answered
Your Score History
You have not taken this quiz